000 00276nam a2200085Ia 4500
245 0 _aA spook's progress : from making war to making peace
100 _a Spaarwater, Maritz Cape Town, South Africa, 2012
_985696
942 _cBK
008 210817s9999 xx 000 0 und d
999 _c321582
_d321581